00748nam a2200253 a 4500001001300000003000900013005001700022008004100039020002300080082001800103100002300121245004000144260003900184300000900223500003500232505001000267650002000277650002300297700002300320902000800343942000700351952011900358999001700477nice12345678IN_TiNIC20260116013228.0050524s1997 dela grp 000 0 eng  a8120830 c22500a294.5514bSHA aShastri, Lakshmana aTantraraja Tantra, English-Sanskrit aDelhi bMotilal Banarsidass c1997 a740p aincludes index and biblioraphy2 aIndex aTantra-Hinduism aShaktaism-Hinduism1 aShastri, Lakshmana bSRS cBK 001040708StackRoom-aHMIbHMId2007-07-24g225.00l0o294.5514 SHAp018732r2007-07-24v225.00w2005-05-24yBK c10203d10203